| 000 | 00369nam a2200145Ia 4500 | ||
|---|---|---|---|
| 008 | 240624s9999 xx 000 0 und d | ||
| 041 | _aeng | ||
| 082 | _a006.754 ABR | ||
| 100 | _aABRAM CAROLYN | ||
| 245 | _aFACEBOOK FOR DUMMIES A WILEY BRAND | ||
| 250 | _a(5th ed.) | ||
| 260 |
_c2013 _aNew Delhi _bWiley |
||
| 300 | _axiv, : 316 : p.: : 23 : cm. | ||
| 365 |
_cRS _b31 |
||
| 999 |
_c23039 _d23039 |
||